Personnage Super Smash Bros. Melee (Gamecube) - Statistiques

Statistiques générales
  • Ce quiz a été pris 76 fois
  • Le résultat moyen est 23 sur 26
Statistiques - réponses
Réponse % Correct
Mario
100%
Luigi
99%
Peach
99%
Falco
97%
Fox
97%
Pikachu
97%
Link
96%
Zelda
96%
Ganondorf
93%
Kirby
93%
Bowser
91%
Marth
91%
Captain Falcon
88%
Donkey Kong
88%
Roy
88%
Yoshi
88%
Rondoudou
87%
Mewtwo
86%
Pichu
86%
Sheik
86%
Samus
84%
Ness
75%
Dr. Mario
74%
Link Enfant
74%
Ice Climbers
71%
Mr. Game & Watch
55%
Aucun quiz correspondant
Distribution des résultats
% des personnes avec chaque résultat
Percentile par nombre de réponses
Votre historique - résultats
Vous n’avez pas pris ce quiz